[Event "Chinese Chess League 2019"]
[Site "Shen Yang"]
[Date "2019.12.05"]
[Round "20.12"]
[White "Wang, Hao"]
[Black "Li, Chao b"]
[Result "1-0"]
[WhiteElo "2752"]
[BlackElo "2687"]
[Annotator "TA"]
[PlyCount "213"]
[EventDate "2019.04.09"]
[EventType "team-tourn"]
[EventCountry "CHN"]
[SourceTitle "playchess.com"]
[Source "ChessBase"]
[SourceQuality "1"]

{[%evp 14,213,22,21,29,31,20,29,50,29,33,30,36,37,28,37,29,33,39,35,41,38,37,0,0,-7,67,56,63,55,65,72,71,71,66,59,111,118,112,106,84,57,60,41,48,40,123,124,124,112,123,123,120,112,110,117,91,91,113,116,110,19,93,35,29,14,50,37,77,77,65,0,0,0,0,0,0,0,0,0,0,0,0,8,0,3,59,59,8,8,8,8,8,8,8,4,59,59,59,59,275,235,275,275,275,275,275,275,275,275,289,275,275,275,275,275,275,275,275,275,275,275,275,275,275,275,275,0,275,0,275,275,275,275,388,275,275,275,275,275,275,275,388,388,388,275,275,275,275,275,388,388,584,388,388,388,388,388,641,388,396,388,388,388,395,388,388,388,388,0,0,0,0,0,0,0,29973,29974,29970,29971,29969,29971,29984,29985,29985,29982,29982,29983,29985,0,29985,0,29985,29978,29983,29984,29984,29985,29985,29986,29986,29987]} 1. e4 e5 2. Nf3 Nf6 3. Nxe5 d6 4. Nf3 Nxe4 5. Nc3 Nxc3 6. dxc3 Be7 7. Be3 Nc6 8. Qd2 Bf5 {C42: Petroff Defence: 3 Nxe5 and unusual White 3rd moves} 9. O-O-O Qd7 10. Kb1 (10. Bc4 Bf6 11. Nd4 Nxd4 12. Bxd4 Bxd4 13. Qxd4 O-O 14. Rhe1 b6 15. Bd5 Rae8 16. Qc4 {½-½ (30) Vachier Lagrave,M (2774)-Yu,Y (2763) Khanty-Mansiysk 2019}) 10... a6 {White has an edge.} 11. Be2 Bf6 $146 ({Predecessor:} 11... b5 12. Nd4 Be4 13. f3 Bg6 14. Bd3 Ne5 15. Bxg6 hxg6 {0-1 (24) Quintero Jara,A (1326)-Loaiza,Y (1987) Medellin 2019}) 12. Nd4 Nxd4 13. Bxd4 Bxd4 14. Qxd4 O-O 15. g4 Be6 16. Bf3 Qb5 17. a4 Qa5 $1 18. Bxb7 (18. Qb4 $5 {[%cal Rb4a5]} Qe5 19. Qd4 $11 (19. Bxb7 Rab8 $11)) 18... Rab8 19. Bc6 Bxg4 (19... Rb6 $11 20. b4 Qc5 21. Qxc5 dxc5) 20. Rhg1 $36 {[%mdl 2048] White has some pressure.} ({Much worse is} 20. Qxg4 Qxc3 21. Bb5 Qf6 $11) 20... Qb6 {[%csl Gb8][%cal Rb6b2]} 21. b3 Qxd4 22. Rxd4 Bf5 {Threatens to win with ...Rxb3+.} 23. Kb2 Rb6 24. Bf3 Re8 (24... Be6 $14) 25. a5 Rbb8 26. Rb4 Kf8 27. Rg3 Bd7 28. Bg2 Bb5 29. c4 c5 (29... Bd7 $1 $14 30. Rxb8 Rxb8) 30. cxb5 $16 cxb4 31. bxa6 {[%mdl 4096] Endgame KRR-KRB} Rb5 32. Bc6 $1 {[%csl LRb5,LRe8][%mdl 64] [#] Double Attack} Rxa5 {Strongly threatening ...Re1.} 33. Bxe8 Kxe8 34. Rxg7 Rxa6 35. Rxh7 {KR-KR} Ra5 36. Rh4 Rf5 37. f4 (37. Rxb4 $16 Rxf2 38. h4) 37... Rd5 (37... Ke7 $11 {keeps the balance.}) 38. Rh3 (38. f5 $16) 38... Kd7 39. Kc1 Rd4 40. Rf3 Ke6 41. h4 Kf6 42. Rd3 (42. h5 $14) 42... Rxd3 $11 43. cxd3 {KP-KP} Kg6 $1 44. Kd2 f5 $1 45. Ke3 Kh5 46. Kd4 {Hoping for Kd5.} Kxh4 {K3P-K3P} 47. Kd5 $1 {[%cal Rd5d6]} Kg4 48. d4 Kxf4 49. Kxd6 {KPP-KPP} Kg4 ({Better is} 49... Ke4 $11 50. Kc5 f4) 50. Kc5 $14 f4 51. d5 f3 $1 {[%cal Rf3f2] And now ...f2 would win.} 52. d6 f2 53. d7 f1=Q {( -> ...Qf6)} 54. d8=Q $11 {KQ-KQ} Qe1 (54... Qc1+ $1 $11 55. Kxb4 Qe1+ 56. Kb5 Qf1+ 57. Kc6 Qa6+ 58. Kc5 Qa7+ 59. Qb6 Qf7) 55. Qd4+ Kh5 56. Kb5 Kh6 $2 {[#]} (56... Kg6 $1 $14) 57. Ka4 $1 $18 ({Not} 57. Qxb4 Qe8+ 58. Kb6 Qb8+ 59. Kc5 Qf8+ 60. Kc4 Qf7+ 61. Kd4 Qf4+ 62. Kc3 Qf3+ 63. Kb2 Qf2+ 64. Kc1 Qf1+ 65. Kb2 Qf2+ 66. Kc1 Qf1+ 67. Kc2 Qf5+ 68. Kd2 Qf2+ 69. Kc1 $14) 57... Kg6 58. Qxb4 Qd1 59. Qc4 Kh6 60. Kb5 Kh5 61. Kc6 {Black must now prevent Qd5+.} Qa1 62. Qc5+ Kh4 63. b4 Qf6+ 64. Qd6 Qc3+ 65. Kb7 Qc4 66. Qd8+ Kh5 67. Qe8+ Kh4 68. Qe7+ Kh3 69. Qd7+ Kh4 70. Qd8+ Kh5 71. Qd6 {Qc5+ is the strong threat.} Kh4 $1 72. Kb6 Qc3 73. b5 Qe3+ (73... Qf3 {might work better.} 74. Qe7+ Kg3) 74. Kc7 Qa7+ 75. Kc6 Qa4 76. Kb6 Qc4 77. Qe5 Qc8 (77... Qf7 $142 78. Kc5 Qf8+ 79. Qd6 Qf5+ 80. Qd5 Qf8+ 81. Kc4 Qf1+ 82. Qd3 Qf7+ 83. Kc3 Kg5 84. Qe3+ Kg6) 78. Qe7+ Kh3 79. Ka7 Qc4 80. b6 Qd4 81. Qe6+ Kh4 (81... Kh2 $142 82. Kb8 Qd8+ 83. Kb7 Qh8) 82. Kb7 Kh5 (82... Qg7+ {is a better defense.} 83. Kc8 Qc3+ 84. Kb8 Qg3+ 85. Kc8 Qc3+ 86. Kb7 Qf3+ 87. Kc8 Qc3+) 83. Qf7+ Kh4 84. Qf5 Qd6 85. Qe4+ Kh5 $2 (85... Kg3 86. Qc6 Qd4) 86. Qh7+ Kg5 87. Qc7 Qd5+ 88. Kb8 Kh5 89. Qh7+ Kg5 90. Qe7+ Kh5 91. b7 $2 (91. Qe2+ $18 Kh6 92. Qe3+ Kg6 93. Qe8+ Kf6 94. Kc7) 91... Qg8+ $1 $11 92. Kc7 {Qe2+ would kill now.} Qc4+ 93. Kd8 Qd5+ 94. Qd7 Qa5+ $2 {[%mdl 8192]} (94... Qg5+ $11 95. Kc7 Qa5+ 96. Kc6 Qc3+ 97. Kb6 Qe3+ 98. Kc7 Qc1+ 99. Qc6 Qf4+ 100. Kb6 Kg5 101. Qd5+ Kh6) 95. Ke8 Qe5+ 96. Kf7 Qf4+ 97. Kg8 Qg5+ 98. Qg7 Qb5 99. Qf7+ Kg5 100. Qe7+ Kg4 101. Qg7+ Kh5 $1 102. Qe7 Kg4 103. Kf7 {White mates.} Kh5 104. Kf8 Kg4 105. Qc7 Qf5+ 106. Kg8 Qd5+ 107. Kh8 {Accuracy: White = 65%, Black = 56%.} 1-0

[Event "Chinese Chess League 2019"]
[Site "Shen Yang"]
[Date "2019.12.05"]
[Round "20.13"]
[White "Xu, Yinglun"]
[Black "Wang, Yiye"]
[Result "1-0"]
[WhiteElo "2554"]
[BlackElo "2439"]
[Annotator "TA"]
[PlyCount "77"]
[EventDate "2019.04.09"]
[EventType "team-tourn"]
[EventCountry "CHN"]
[SourceTitle "playchess.com"]
[Source "ChessBase"]
[SourceQuality "1"]

{[%evp 10,77,24,18,23,25,23,24,15,22,30,14,20,23,20,24,42,26,16,18,42,13,18,11,9,9,11,0,0,0,0,0,0,7,6,0,29,16,45,61,52,42,68,70,79,42,52,46,69,75,104,98,119,108,291,254,254,220,281,281,391,391,672,650,1695,1681,1541,1383,29989,171]} 1. d4 Nf6 2. c4 e6 3. Nf3 b6 4. g3 Bb7 5. Bg2 g6 6. O-O Bg7 {E16: Queen's Indian: 4 g3 Bb7 5 Bg2 Bb4+} 7. Qc2 O-O 8. Nc3 d5 {White has an edge.} 9. cxd5 (9. Ne5 c6 10. Rd1 Nbd7 11. e4 dxe4 12. Nxe4 Nxe4 13. Bxe4 Qc7 14. Nxd7 Qxd7 15. Be3 {1-0 (47) Xiong,J (2672)-Mamedyarov,S (2817) chess.com INT 2019}) 9... exd5 10. Bf4 Na6 11. Rfd1 Re8 12. Be5 Bh6 $146 ({Predecessor:} 12... c6 13. a3 Nc7 14. b4 Bf8 15. Qb3 {½-½ (26) Chu,W (2179)-Bu,X (2677) Tianjin 2011}) 13. Bxf6 Qxf6 14. Ne5 {Ng4 is the strong threat.} Qe6 15. Qa4 c6 16. e4 Nc7 17. Re1 Bd2 18. exd5 cxd5 19. Red1 Bh6 20. Qb3 Bg7 21. f4 Qd6 22. Rac1 Rad8 23. a4 {[%cal Ba2a4,Ba4b5][%mdl 32]} Ba8 24. Nb5 $36 {[%mdl 2048] Black is under pressure.} Nxb5 25. axb5 Rc8 26. h4 Bb7 27. Qa4 Rc7 28. Rc3 Rec8 29. Rdc1 Rxc3 30. Rxc3 Rxc3 31. bxc3 Bxe5 $2 {[#]} (31... Qb8 $16 32. Nc6 Qe8) 32. fxe5 $18 ({Stronger than} 32. dxe5 Qc5+ 33. Kh2 Qxc3 $11) 32... Qb8 33. Qa2 Qa8 34. Kh2 Kg7 35. Qa3 Qb8 $2 {[#]} (35... Bc8 36. c4 Be6) 36. Qe7 Kg8 37. e6 fxe6 38. Bh3 h5 39. Bxe6+ {Accuracy: White = 80%, Black = 34%.} 1-0

[Event "Chinese Chess League 2019"]
[Site "Shen Yang"]
[Date "2019.12.05"]
[Round "20.14"]
[White "Wang, Yu A."]
[Black "Li, Xueyi"]
[Result "1/2-1/2"]
[WhiteElo "2275"]
[BlackElo "2270"]
[Annotator "NA RC"]
[PlyCount "100"]
[EventDate "2019.04.09"]
[EventType "team-tourn"]
[EventCountry "CHN"]
[SourceTitle "playchess.com"]
[Source "ChessBase"]
[SourceQuality "1"]
[TimeControl "5400+30"]

1. e4 {[%emt 0:00:00]} c6 {[%emt 0:00:00]} 2. Nc3 {[%emt 0:00:00]} d5 {[%emt 0:00:00]} 3. Nf3 {[%emt 0:00:00]} Bg4 {[%emt 0:00:44]} 4. h3 {[%emt 0:00:00]} Bxf3 {[%emt 0:00:06]} 5. Qxf3 {[%emt 0:00:00]} e6 {[%emt 0:00:30]} 6. d4 {[%emt 0:00:18]} dxe4 {[%emt 0:00:52]} 7. Qxe4 {[%emt 0:00:09] B11: Caro-Kann: Two Knights Variation} Nf6 {[%emt 0:00:15]} 8. Qd3 {[%emt 0:00:07]} Nbd7 {[%emt 0:02:32]} 9. g3 {[%emt 0:05:40]} Be7 {[%emt 0:03:30]} 10. Bg2 {[%emt 0:00:46]} O-O {[%emt 0:00:40]} 11. O-O {[%emt 0:00:41]} Qb6 {[%emt 0:00:46]} 12. Na4 $146 {[%emt 0:08:24]} ({Predecessor:} 12. b3 Rad8 13. Bb2 Qa5 14. Rfd1 Ba3 15. Bxa3 Qxa3 {1-0 (61) Bacrot,E (2697)-Bologan,V (2607) Berlin 2015}) 12... Qa5 {[%emt 0:01:03]} 13. b3 {[%emt 0:00:32]} Rad8 {[%emt 0:00:30]} 14. Bb2 {[%emt 0:05:11]} Qc7 {[%emt 0:18:00]} 15. Rad1 {[%emt 0:04:05]} b5 {[%emt 0:11:26]} 16. Nc3 {[%emt 0:00:25]} b4 {[%emt 0:00:05]} 17. Ne4 {[%emt 0:09:38]} c5 {[%emt 0:00:52]} 18. dxc5 {[%emt 0:14:37]} Nxc5 {[%emt 0:00:57]} 19. Qe2 {[%emt 0:00:36]} Ncxe4 {[%emt 0:01:03]} 20. Bxe4 {[%emt 0:00:05]} Bc5 {[%emt 0:08:22]} 21. Kg2 {[%emt 0:05:20]} Nxe4 {[%emt 0:06:11]} 22. Qxe4 {[%emt 0:00:03]} Qe7 {[%emt 0:00:44]} 23. Rfe1 {[%emt 0:07:44]} Bb6 $11 {[%emt 0:05:40]} 24. Qg4 {[%emt 0:11:39]} f5 {[%emt 0:06:19]} 25. Qc4 {[%emt 0:01:13]} Rxd1 {[%emt 0:05:39]} 26. Rxd1 {[%emt 0:00:07]} f4 {[%emt 0:09:14]} 27. gxf4 {[%emt 0:03:05]} Qb7+ {[%emt 0:04:02]} 28. Kg3 {[%emt 0:05:40]} Qf7 {[%emt 0:00:34]} 29. Qe4 {[%emt 0:00:21]} Bc7 {[%emt 0:01:31]} 30. Be5 {[%emt 0:06:17]} Bxe5 {[%emt 0:02:33]} 31. Qxe5 {[%emt 0:00:02]} Qg6+ {[%emt 0:01:09]} 32. Kf3 {[%emt 0:00:05]} Qxc2 {[%emt 0:01:20]} 33. Qxe6+ {[%emt 0:00:14]} Kh8 {[%emt 0:00:06]} 34. Rd7 {[%emt 0:01:03]} h6 {[%emt 0:02:44]} 35. Qe7 {[%emt 0:05:44]} Qc3+ {[%emt 0:01:17]} 36. Kg4 {[%emt 0:02:03]} Rc8 {[%emt 0:01:16]} 37. Rd8+ {[%emt 0:02:34]} Rxd8 {[%emt 0:00:05]} 38. Qxd8+ {[%emt 0:00:02]} Kh7 {[%emt 0:00:05]} 39. Qd7 {[%emt 0:02:55]} a6 {[%emt 0:02:12]} 40. Qf5+ {[%emt 0:00:39]} Kh8 {[%emt 0:00:07]} 41. Qe4 {[%emt 0:01:14]} Qd2 {[%emt 0:00:33]} 42. Qa8+ {[%emt 0:00:48]} Kh7 {[%emt 0:00:15]} 43. Qe4+ {[%emt 0:00:24]} Kh8 {[%emt 0:00:04]} 44. Qa8+ {[%emt 0:00:07]} Kh7 {[%emt 0:00:05]} 45. Qxa6 {[%emt 0:00:22]} Qxf2 {[%emt 0:00:31]} 46. Qd3+ {[%emt 0:00:03]} g6 {[%emt 0:01:06]} 47. Qd7+ {[%emt 0:01:22]} Kg8 {[%emt 0:00:34]} 48. Qe8+ {[%emt 0:00:30]} Kg7 {[%emt 0:00:05]} 49. Qe7+ {[%emt 0:00:21]} Kg8 {[%emt 0:00:05]} 50. Qe8+ {[%emt 0:00:22]} Kg7 {[%emt 0:00:06]} 1/2-1/2

[Event "Chinese Chess League 2019"]
[Site "Shen Yang"]
[Date "2019.12.05"]
[Round "20.15"]
[White "Song, Yuxin"]
[Black "Shuvalova, Polina"]
[Result "1/2-1/2"]
[WhiteElo "2284"]
[BlackElo "2446"]
[Annotator "TA"]
[PlyCount "66"]
[EventDate "2019.04.09"]
[EventType "team-tourn"]
[EventCountry "CHN"]
[SourceTitle "playchess.com"]
[Source "ChessBase"]
[SourceQuality "1"]

{[%evp 10,66,14,12,16,25,20,12,16,18,18,18,18,13,16,16,26,21,40,27,30,16,56,0,0,-5,-5,-6,-6,-10,-10,-6,-7,-7,-7,-11,-11,-11,-11,-20,-16,-12,-17,-29,-2,-11,-11,-11,0,-8,0,0,0,-4,0,0,0,0,0]} 1. e4 e6 2. d4 d5 3. Nd2 c5 4. exd5 Qxd5 5. Ngf3 cxd4 6. Bc4 Qd7 {C07: French Tarrasch: 3...c5, 4 Ngf3 and 4 exd5 Qxd5} 7. O-O Nc6 8. Nb3 {[%cal Rb3d4]} Nf6 9. Nbxd4 Nxd4 (9... a6 10. a4 Nxd4 11. Nxd4 Qc7 12. Qe2 Bc5 13. Nf3 O-O 14. Bg5 b6 15. Bd3 Bb7 16. Bxf6 gxf6 17. Be4 Rfd8 18. Rad1 Kg7 19. g3 a5 20. Bxb7 Qxb7 {½-½ (41) Fedoseev,V (2718)-Ponomariov,R (2682) Hengshui 2019}) 10. Nxd4 a6 11. Re1 b5 12. Bb3 Bb7 13. Bg5 {[%cal Rd4e6] [#] Threatens to win with Nxe6!} Ne4 14. Be3 {[#]} Be7 $146 15. c3 Nc5 16. Nf5 (16. Bc2 $14) 16... Qc6 $11 {[%csl Gb7][%cal Rc6g2] [#]} 17. Bd5 $1 {[%mdl 512]} Qxd5 18. Qxd5 Bxd5 19. Nxe7 Kxe7 20. Bxc5+ Kd7 21. a4 Bb3 22. a5 Rac8 23. Bd4 f6 24. Ra3 Bd5 25. f4 h5 26. b4 Rc4 27. Re3 {The position is equal.} h4 28. Ra1 Rh6 29. Rf1 Rg6 30. Rf2 Rc8 31. Rd2 Kc6 32. Bb6 f5 33. h3 Rh8 {Accuracy: White = 58%, Black = 80%.} 1/2-1/2

[Event "Chinese Chess League 2019"]
[Site "Shen Yang"]
[Date "2019.12.05"]
[Round "20.16"]
[White "Nie, Xinyang"]
[Black "Zou, Chen"]
[Result "1-0"]
[WhiteElo "2351"]
[BlackElo "2462"]
[Annotator "TA"]
[PlyCount "157"]
[EventDate "2019.04.09"]
[EventType "team-tourn"]
[EventCountry "CHN"]
[SourceTitle "playchess.com"]
[Source "ChessBase"]
[SourceQuality "1"]

{[%evp 24,157,0,0,14,9,25,27,27,27,33,17,16,-16,29,22,27,14,19,15,34,38,38,36,35,32,38,31,31,31,31,31,31,31,36,4,4,-14,0,0,0,-9,25,8,22,0,0,15,10,0,0,-6,0,0,0,0,20,0,0,-34,-21,-32,-37,-33,-15,-14,-12,-8,0,-115,12,8,7,19,14,24,27,27,338,318,505,495,460,345,690,687,677,681,681,660,889,639,869,759,744,721,721,701,666,579,5197,1826,1701,1096,1222,1370,29965,839,29970,29968,29969,29970,29973,29974,29972,29974,29974,29977,29976,29977,29977,29977,29977,29978,29979,29979,29978,29979,29977,29980,29981,29982,29982,29983,29983,29984]} 1. Nf3 Nf6 2. c4 e6 3. Nc3 d5 4. d4 c6 5. Bg5 h6 6. Bxf6 Qxf6 7. e3 Nd7 8. Bd3 g6 9. O-O dxc4 10. Bxc4 Bg7 11. b4 O-O 12. Rc1 Qe7 13. Qb3 Nb6 {D43: Semi-Slav: 5 Bg5 h6} (13... b6 14. b5 Bb7 15. bxc6 Bxc6 16. Rfd1 Rfd8 17. Qb1 Bb7 18. Bd3 Rac8 19. Be4 Nf6 20. Bxb7 Qxb7 21. Ne2 Ne4 22. Rxc8 Rxc8 23. Nd2 Nd6 24. Rc1 {½-½ (24) Ivanchuk,V (2731)-Karjakin,S (2661) Foros 2006}) 14. Ne5 Nxc4 $146 ({Predecessor:} 14... Rd8 15. Be2 Bd7 16. Ne4 Nd5 17. Nc5 Be8 18. a3 f6 19. Nf3 Bf7 20. Qb1 {1-0 (52) Vodicka,M (1935)-Soreghy,J (1720) LSS email 2012}) 15. Qxc4 Rd8 {White has an edge.} 16. f4 Bd7 17. Nxd7 Qxd7 18. a4 Rac8 19. Rfd1 Qd6 20. Qb3 Bf8 21. Rb1 Qc7 22. Rdc1 Qb8 23. Ne4 Be7 24. Rc2 a6 25. h3 Rd5 26. Rbc1 Rcd8 27. Kh1 Qa7 28. Rb1 Qb6 29. Qc4 a5 {[%cal Ra5b4]} 30. Nc3 {Strongly threatening bxa5.} R5d7 {[%cal Ra5b4]} 31. bxa5 Qxa5 32. Rcb2 Qa7 33. Kh2 Rc8 34. Rb3 Rcc7 35. Ne4 Qa5 36. Nc3 Qf5 37. Qf1 Qa5 38. Qc4 Qa7 39. R1b2 Qa8 40. Rd2 Qa5 41. e4 Rd8 42. Rd1 Rcd7 43. Ne2 Bf6 44. e5 Be7 45. Rdb1 Qa7 46. g4 {[#]} (46. Rb6 $11 {keeps the balance.}) 46... Ra8 {[#]} (46... Rxd4 $1 $17 47. Nxd4 Rxd4) 47. f5 $1 $11 {[%mdl 512]} Qxa4 (47... exf5 48. gxf5) 48. Qd3 Qa6 {aiming for ...Qxd3.} 49. Qe4 $36 {[%mdl 2048] fxe6 is the strong threat. White has the initiative.} ({Not} 49. fxg6 Qxd3 50. Rxd3 Ra2 $17) 49... Qc4 50. fxg6 Ra2 $2 {[%mdl 8192]} (50... f6 $11) 51. gxf7+ $18 Kg7 (51... Kf8 {is a better defense.} 52. R1b2 Rxb2 53. Rxb2 Bb4) 52. R1b2 Rxb2 53. Rxb2 {Threatens to win with Nf4.} Bg5 $2 {[#]} (53... Qd5 54. Qf4 Qc4) 54. h4 $1 {[%mdl 512]} Rxf7 (54... Bxh4 55. Nf4) 55. hxg5 hxg5 56. Ng3 Kf8 57. Kg2 Rf4 58. Rf2 Rxf2+ 59. Kxf2 b5 60. Ne2 b4 61. Qe3 Qc2 62. Qc1 (62. Qxg5 $142 Qh7 63. Qd8+ Kg7 64. Qf6+ Kg8 65. Qxe6+ Kh8 66. Qe8+ Kg7 67. Qxc6 Qh4+ 68. Ke3 Qh3+ 69. Kd2) 62... Qe4 63. Qc5+ Kf7 64. Qxb4 Qxg4 65. Qc3 (65. Qb7+ $142 Kg8 66. Qxc6 Qf5+ 67. Kg2 Kg7 68. Ng3 Qf7 {[#]} 69. d5 $1 {[%mdl 512]} exd5 70. e6) 65... Ke7 66. Qc5+ {White mates.} Kf7 67. Qxc6 Ke7 68. Qf3 Qh4+ 69. Ke3 Qh6 {[#]} 70. Qf6+ $1 Qxf6 71. exf6+ Kxf6 {[%mdl 4096] Endgame KN-KPP} 72. Ke4 Ke7 73. Ke5 g4 74. Ng3 Kd7 75. Ne4 Ke7 76. Kf4 Kd7 77. Kxg4 Kc6 78. Nc3 Kd6 79. Kf4 {Accuracy: White = 53%, Black = 39%.} 1-0

[Event "Chinese Chess League 2019"]
[Site "Shen Yang"]
[Date "2019.12.05"]
[Round "20.17"]
[White "Naiditsch, Arkadij"]
[Black "Xiang, Zeyu"]
[Result "1-0"]
[WhiteElo "2617"]
[BlackElo "2448"]
[Annotator "TA"]
[PlyCount "87"]
[EventDate "2019.04.09"]
[EventType "team-tourn"]
[EventCountry "CHN"]
[SourceTitle "playchess.com"]
[Source "ChessBase"]
[SourceQuality "1"]

{[%evp 16,87,0,5,8,11,4,13,17,0,2,12,10,10,2,25,23,8,10,0,16,14,0,0,37,-65,-73,-75,-82,-78,-19,-2,-31,-87,-20,-28,0,0,16,10,16,25,106,105,101,98,113,0,77,-27,-3,-100,-103,-102,-93,-77,-79,-99,0,-80,81,106,93,103,119,98,295,281,507,526,965,926,1575,1407]} 1. e4 e5 2. Nf3 Nc6 3. Bb5 Nf6 4. O-O Nxe4 5. d4 Nd6 6. dxe5 Nxb5 7. a4 Nbd4 8. Nxd4 Nxd4 9. Qxd4 d5 $1 {C67: Ruy Lopez: Berlin Defence: 4 0-0 Nxe4} 10. Qd3 c6 11. a5 Be6 {The position is equal.} 12. Nc3 Qd7 13. Ne2 Bf5 14. Qc3 {[#]} c5 $146 ({Predecessor:} 14... Be7 15. Bh6 d4 16. Nxd4 gxh6 17. e6 Bxe6 18. Nxe6 {1-0 (30) Vitiugov,N (2726)-Harikrishna,P (2730) Prague 2019}) 15. Ng3 Be6 16. Nh5 d4 17. Qg3 O-O-O 18. a6 b6 19. Bg5 Re8 $1 20. c3 (20. Nf4 $14) 20... Bg4 $15 21. e6 Qxe6 22. Nf4 Qf5 (22... Qd7 $17 {White must now prevent ...h6.} 23. h3 Bf5) 23. f3 $40 {[%mdl 128] Black needs to defend precisely.} Qxg5 24. h4 (24. cxd4 $15 Bd6 25. fxg4) 24... Qf6 (24... Qe7 $17 {Hoping for ...Bd7.} 25. fxg4 Qe3+ 26. Qxe3 dxe3) 25. Qxg4+ Kd8 26. Rad1 Bd6 27. Nh5 Qe5 {And now ...g6 would win.} 28. cxd4 cxd4 (28... Qh2+ $11 29. Kf2 f5 30. Qg5+ Be7 31. dxc5+ Kc7 32. Qf4+ (32. Qxg7 $2 Kc8 $19) 32... Qxf4 33. cxb6+ (33. Nxf4 Bxc5+ 34. Kg3 Bd6 $11) 33... Kxb6 34. Nxf4 Bxh4+ 35. g3 Bd8) 29. f4 $1 $16 {[%cal Rf4e5]} ({But not} 29. Rxd4 $6 Kc7 $11) ({Wrong is} 29. Nxg7 $2 Qh2+ 30. Kf2 Bg3+ $1 {[%mdl 512]} 31. Qxg3 Re2+ 32. Kxe2 Qxg3 $19) 29... Qd5 30. Nxg7 Re4 31. Nf5 (31. Rc1 $1 $16 {[%cal Rc1c8]} Bc5 32. b4 $1 {[%mdl 512]}) 31... Bc5 (31... Kc7 $11) 32. Kh1 ({White should try} 32. b4 $16 Bxb4 33. Qg7) 32... Kc7 $11 33. Qg5 (33. Rd3 $11) 33... Rd8 34. Rd3 f6 35. Qh5 ({Don't blunder} 35. Qxf6 $2 Rf8 $19) 35... Rd7 36. Qg4 Qc4 (36... Qe6 $17) 37. Rfd1 {[#]} (37. Qf3 $11 {keeps the balance.} Qd5 38. Qg4) 37... Qxa6 $2 {[#]} (37... Qe6 $1 $17 {and life is bright.}) 38. b4 $1 $16 {[%cal Rb4c5][%mdl 512]} Bxb4 39. Nxd4 Re1+ {[#]} 40. Kh2 $1 Rxd1 $2 (40... Rde7 $16) 41. Rxd1 $18 {Threatens to win with Ne6+.} Qa4 $2 (41... Rd6) 42. Ne6+ {White is clearly winning.} Kb8 {[#]} 43. Nc5 $1 {[%mdl 512]} Bxc5 44. Rxd7 {Accuracy: White = 62%, Black = 45%.} 1-0

[Event "Chinese Chess League 2019"]
[Site "Shen Yang"]
[Date "2019.12.05"]
[Round "20.18"]
[White "Peng, Xiongjian"]
[Black "Lin, Yi"]
[Result "1/2-1/2"]
[WhiteElo "2486"]
[BlackElo "2425"]
[Annotator "TA"]
[PlyCount "124"]
[EventDate "2019.04.09"]
[EventType "team-tourn"]
[EventCountry "CHN"]
[SourceTitle "playchess.com"]
[Source "ChessBase"]
[SourceQuality "1"]

{[%evp 10,124,12,6,0,0,15,27,23,25,22,31,36,31,32,30,33,41,37,0,0,0,5,0,68,35,56,48,73,64,89,49,77,67,62,55,49,55,64,61,63,17,14,16,10,17,17,0,0,0,0,0,11,12,12,12,12,0,0,0,0,0,14,0,14,14,14,14,24,14,14,8,22,0,8,0,0,0,0,0,0,0,0,0,0,0,0,0,0,0,0,0,0,0,0,0,0,0,0,0,0,0,0,0,0,0,0,0,0,0,0,0,0,0,0,0,0]} 1. Nf3 Nf6 2. g3 g6 3. Bg2 Bg7 4. O-O O-O 5. d4 d5 6. c3 Nc6 {D02: 1 d4 d5 2 Nf3 sidelines, including 2...Nf6 3 g3 and 2...Nf6 3 Bf4} (6... c6 7. Nbd2 Bf5 8. Nh4 Bg4 9. h3 Bc8 10. Kh2 Re8 11. e4 dxe4 12. Nxe4 Nxe4 13. Bxe4 Nd7 14. Bg2 e5 15. dxe5 Nxe5 16. Qxd8 Rxd8 {½-½ (70) Kramnik,V (2753)-Radjabov,T (2759) Moscow 2019}) 7. Na3 Re8 8. c4 dxc4 {White has an edge.} 9. Nxc4 Be6 10. b3 $146 ({Predecessor:} 10. Nce5 Bd5 11. Nxc6 Bxc6 12. Bf4 Be4 13. Rc1 c6 14. Be5 Nd5 15. Bxg7 Kxg7 {1-0 (63) Sebe Vodislav,F (2263)-Voiteanu,C (2252) Bucharest 2003}) 10... Bd5 11. Bb2 a5 12. Rc1 a4 13. bxa4 Ra6 14. Nfe5 Bxg2 15. Kxg2 Qa8 16. Nxc6 Rxc6 (16... bxc6 $11 17. a5 c5+ 18. f3 Rd8) 17. Kg1 (17. d5 $5 {[%cal Rd5c6]} Ra6 18. Bxf6 Bxf6 19. a5 $14) 17... Qa6 18. Qb3 {Strongly threatening Ne5.} e6 19. a5 Ne4 20. Rc2 Nd6 {[%cal Rd6c4]} 21. Rfc1 Ra8 22. e3 Nxc4 23. Rxc4 Qxa5 24. Rxc6 bxc6 25. Rxc6 Qxa2 26. Qb7 Ra7 $1 {[%cal Ra7b7]} 27. Qb8+ Bf8 28. Rc1 Ra8 29. Qb5 Ra5 30. Qe2 Ba3 31. Ra1 Qb3 32. d5 {Hoping for dxe6.} Bb4 $1 ({Don't blunder} 32... exd5 $2 33. Qd2 $18) 33. dxe6 {[#] And now Rxa5 would win.} Rxa1+ 34. Bxa1 Qb1+ 35. Qf1 Qxf1+ 36. Kxf1 fxe6 $11 {[%mdl 4096] Endgame KB-KB} 37. Ke2 Kf7 38. Kd3 c6 39. Kc4 Bd6 {The position is equal.} 40. Bc3 e5 41. Bb4 Ke6 42. Bxd6 Kxd6 {KP-KP} 43. h4 h6 44. f4 Ke6 45. e4 exf4 46. gxf4 {K3P-K3P} Kd6 47. Kb4 Ke6 48. Kc5 Kd7 49. Kd4 Ke6 50. Ke3 Kf6 51. Kd4 {[#] aiming for Kc5.} Ke6 52. Kc4 Kd6 53. e5+ Ke6 54. Kd4 Kf5 55. Kc5 Ke6 $1 56. Kd4 Kf5 57. Kc5 Ke6 $1 58. Kxc6 g5 $1 {[%cal Rg5h4]} 59. fxg5 hxg5 60. hxg5 {White wants to mate with g6.} Kxe5 61. Kd7 Kf5 62. g6 Kxg6 {Accuracy: White = 63%, Black = 74%.} 1/2-1/2